| 000 | 01081nam a2200325 i 4500 | ||
|---|---|---|---|
| 003 | EG-GICUC | ||
| 005 | 20260416105240.0 | ||
| 008 | 260416s1967 fr ||||fr|||| 00| 0 fre d | ||
| 040 |
_aEG-GiCUC _bfre _cEG-GiCUC _dEG-GiCUC _erda |
||
| 041 | 0 | _afre | |
| 082 | 0 | 4 |
_221 _a341.1 _bCA . D |
| 092 | 0 | 4 | _221 |
| 099 | _aLaw1 11 341.1 CA . D 1967 | ||
| 100 | 1 |
_aCavaré, Louis _eAuteur |
|
| 245 | 1 | 3 |
_aLe Droit International Public Positif : _nTome, _bLa nation de droit international public stucture de la société internationale / _cLouis Cavaré. |
| 250 | _aTroisième Édition | ||
| 264 | 1 |
_aParis : _bEditions a. Pedone, _c1967. |
|
| 300 |
_a806 pages ; _c24 cm _billustration ; |
||
| 336 |
_2rda content _atext |
||
| 337 |
_2rda media _aComputer |
||
| 338 |
_2rda carrier _aOnline Resource |
||
| 504 | _a | ||
| 546 | _aTexte en français | ||
| 650 | 1 | 4 |
_aDroit international public _2 |
| 651 | 1 | _2 | |
| 856 | 4 | 0 | _uhttps://fll.law.cu.edu.eg/fulltext/bks/B11-09742.pdf |
| 905 | _a30 | ||
| 942 |
_2ddc _cBK _e21 _n0 |
||
| 999 |
_c71358 _d71358 |
||